Case news: Alan Douglas Kind v Secretary of State for Environment, Food and Rural Affairs (Record no. 75603)

MARC details
000 -LEADER
fixed length control field 01685cab a2200229 4500
001 - CONTROL NUMBER
control field L130404
008 - FIXED-LENGTH DATA ELEMENTS--GENERAL INFORMATION
fixed length control field 050725n2005 000 0 eng u
035 ## - SYSTEM CONTROL NUMBER
System control number (Sirsi) u130404
041 ## - LANGUAGE CODE
Language code of text/sound track or separate title eng
100 ## - MAIN ENTRY--PERSONAL NAME
Personal name Gordon, Warren
245 ## - TITLE STATEMENT
Title Case news: Alan Douglas Kind v Secretary of State for Environment, Food and Rural Affairs
260 ## - PUBLICATION, DISTRIBUTION, ETC.
Date of publication, distribution, etc. 2005
490 ## - SERIES STATEMENT
Series statement Property Week
Volume/sequential designation 70(28) 15 July 2005, 82(1)
520 ## - SUMMARY, ETC.
Summary, etc. Considers "Kind v SoS Environment, Food and Rural Affairs" ([2005] EWHC 1324 (Admin), [2005] npc 83) concerning a successful challenge to the SoS's decision to refuse to reclassify a lane as a byway open to all traffic. The Trail Riders Fellowship, a trail riding organisation, had been using a Wiltshire lane known as Preshute 12 as a motorcycling track but the issue arose as to whether vehicles should be allowed to use the lane. In 1970, the 1950 definitive map showing Preshute 12 as a highway used by the public including vehicular use was redrawn to show it as a lane unsuitable for vehicles. Wiltshire County Council modified the map in February 2003 to show the lane as a byway open to all traffic again. After public objection an inspector refused to confirm the modification but the court held that vehicular rights were not extinguished and quashed the inspector's decision.
590 ## - LOCAL NOTE (RLIN)
Local note IKA020805
650 ## - SUBJECT ADDED ENTRY--TOPICAL TERM
Topical term or geographic name entry element R V SOS ENVIRONMENT, FOOD AND RURAL AFFAIRS EX P NUNN
650 ## - SUBJECT ADDED ENTRY--TOPICAL TERM
Topical term or geographic name entry element NATIONAL PARKS AND ACCESS TO COUNTRYSIDE ACT 1949
650 ## - SUBJECT ADDED ENTRY--TOPICAL TERM
Topical term or geographic name entry element COUNTRYSIDE ACT 1968
690 ## - LOCAL SUBJECT ADDED ENTRY--TOPICAL TERM (OCLC, RLIN)
Topical term or geographic name as entry element Boundary disputes
9 (RLIN) 6221
856 ## - ELECTRONIC LOCATION AND ACCESS
Uniform Resource Identifier <a href="https://www.bailii.org/ew/cases/EWHC/Admin/2005/1324.html">https://www.bailii.org/ew/cases/EWHC/Admin/2005/1324.html</a>
Public note View the decision free of charge at www.bailii.org...
942 ## - ADDED ENTRY ELEMENTS (KOHA)
Suppress in OPAC 0
Holdings
Withdrawn status Lost status Source of classification or shelving scheme Damaged status Not for loan Home library Current library Shelving location Date acquired Total Checkouts Full call number Barcode Date last seen Copy number Price effective from Koha item type
    Dewey Decimal Classification     London London Journal article 25/07/2005   L130404 130404-1001 06/08/2019 1 06/08/2019 Journal article